[Event "Madrid ch final 2006"]
[Site "Madrid ESP"]
[Date "2006.03.16"]
[Round "10.4"]
[White "Almagro Llanas, Pablo"]
[Black "Moreno Ruiz, Javier"]
[Result "1/2-1/2"]
[WhiteElo "2340"]
[BlackElo "2485"]
[PlyCount "80"]
[EventDate "2006.03.02"]
[EventType "tourn"]
[EventRounds "11"]
[EventCountry "ESP"]
[EventCategory "3"]
[Source "lmi"]
[SourceDate "2006.03.18"]

1. e4 e6 2. d4 d5 3. Nc3 Bb4 4. e5 c5 5. a3 Bxc3+ 6. bxc3 Ne7 7. Nf3 Nbc6 8. h4
Qa5 9. Bd2 Bd7 10. h5 h6 11. Rh4 c4 12. Rf4 O-O-O 13. Nh4 Rdf8 14. g3 Nf5 15.
Qf3 Nce7 16. Ng2 g5 17. hxg6 fxg6 18. g4 g5 19. gxf5 exf5 20. Qh5 Be8 21. Qh1
gxf4 22. Nxf4 h5 23. Bg2 Rfg8 24. Nxd5 Nxd5 25. Bxd5 Rg1+ 26. Qxg1 Qxd5 27. Bg5
h4 28. Kd2 h3 29. Qh2 Qg2 30. Bf4 Ba4 31. Re1 Rg8 32. Qxg2 hxg2 33. Rg1 Bc6 34.
Ke3 Rh8 35. f3 Rh3 36. d5 Bxd5 37. Rxg2 Rxf3+ 38. Kd4 Be6 39. Bd2 b6 40. Rg6
Kd7 1/2-1/2

[Event "Madrid ch final 2006"]
[Site "Madrid ESP"]
[Date "2006.03.16"]
[Round "10.5"]
[White "Perez Marco, Ricardo"]
[Black "Vallejo Diaz, Javier"]
[Result "0-1"]
[WhiteElo "2217"]
[BlackElo "2182"]
[PlyCount "99"]
[EventDate "2006.03.02"]
[EventType "tourn"]
[EventRounds "11"]
[EventCountry "ESP"]
[EventCategory "3"]
[Source "lmi"]
[SourceDate "2006.03.18"]

1. e4 d5 2. exd5 Qxd5 3. Nc3 Qa5 4. Bc4 Nf6 5. a3 c6 6. Nge2 g6 7. b4 Qd8 8.
Bb2 Bg7 9. Ne4 Nbd7 10. O-O O-O 11. Ng5 Qc7 12. f4 Nd5 13. Bxg7 Kxg7 14. Bb3 h6
15. Ne4 N7f6 16. Nxf6 Nxf6 17. Ng3 e6 18. d4 Rd8 19. c3 b6 20. Qf3 Bb7 21. Qf2
Rac8 22. c4 c5 23. Rad1 cxd4 24. Rxd4 Rxd4 25. Qxd4 Rd8 26. Qc3 Qd7 27. Rd1 Qc6
28. Rd2 h5 29. Re2 Qd6 30. Ne4 Qd4+ 31. Qxd4 Rxd4 32. Nxf6 Kxf6 33. g3 Rd3 34.
Rb2 h4 35. gxh4 Rc3 36. c5 bxc5 37. bxc5 Be4 38. Kf2 Kf5 39. h5 gxh5 40. Bd1
Kxf4 41. a4 Rxc5 42. Rb8 f5 43. Rh8 Rc1 44. Rd8 e5 45. Rd7 a5 46. Rd2 h4 47.
Ke1 Bf3 48. Kf2 Rxd1 49. Rc2 e4 50. Rc4 0-1

[Event "Madrid ch final 2006"]
[Site "Madrid ESP"]
[Date "2006.03.16"]
[Round "10.6"]
[White "Pastor Alonso, Alberto"]
[Black "Gonzalez Somoza, Oliver"]
[Result "1/2-1/2"]
[WhiteElo "2192"]
[BlackElo "2217"]
[PlyCount "65"]
[EventDate "2006.03.02"]
[EventType "tourn"]
[EventRounds "11"]
[EventCountry "ESP"]
[EventCategory "3"]
[Source "lmi"]
[SourceDate "2006.03.18"]

1. e4 c5 2. Nf3 d6 3. c3 Nf6 4. Bb5+ Bd7 5. Bxd7+ Nbxd7 6. Qe2 g6 7. d4 e5 8.
dxe5 dxe5 9. O-O Bg7 10. Rd1 Qc7 11. Na3 a6 12. Nc4 O-O 13. a4 b6 14. Bg5 h6
15. Bxf6 Nxf6 16. Rd2 b5 17. Ne3 c4 18. Nd5 Nxd5 19. Rxd5 Rad8 20. Rad1 Rxd5
21. Rxd5 Rd8 22. Qd1 Rxd5 23. Qxd5 Qa5 24. g3 Qxa4 25. Nh4 Qa1+ 26. Kg2 Qxb2
27. Nxg6 Qa3 28. Qd8+ Bf8 29. Nh4 Qe7 30. Qa8 Qe6 31. Nf5 Qb6 32. h4 a5 33.
Ne7+ 1/2-1/2

[Event "Madrid ch final 2006"]
[Site "Madrid ESP"]
[Date "2006.03.17"]
[Round "11.1"]
[White "Gonzalez Somoza, Oliver"]
[Black "Alonso Fernandez, Marcos"]
[Result "0-1"]
[WhiteElo "2218"]
[BlackElo "2249"]
[PlyCount "82"]
[EventDate "2006.03.02"]
[EventType "tourn"]
[EventRounds "11"]
[EventCountry "ESP"]
[EventCategory "3"]
[Source "lmi"]
[SourceDate "2006.03.18"]

1. d4 d5 2. Nf3 Nf6 3. g3 e6 4. Bg2 Be7 5. O-O O-O 6. Bf4 c5 7. c3 Qb6 8. Qb3
Nc6 9. e3 Bd7 10. Bg5 h6 11. Bxf6 Bxf6 12. Nbd2 Na5 13. Qa3 cxd4 14. cxd4 Rfc8
15. Rfc1 Qd8 16. b3 Nc6 17. Bf1 a5 18. Qb2 a4 19. bxa4 Rxa4 20. Nb3 b6 21. Ne5
Nxe5 22. dxe5 Be7 23. Rxc8 Qxc8 24. Nd4 Bc5 25. Bd3 Qa8 26. Bc2 Rc4 27. Bb3 Ba3
28. Qe2 Rc7 29. Kg2 Qc8 30. Rd1 Rc1 31. Rxc1 Qxc1 32. Qa6 Qc5 33. Qa8+ Kh7 34.
Bc2+ g6 35. Qd8 Bc8 36. Ba4 Ba6 37. Be8 Qc4 38. Nxe6 Qf1+ 39. Kf3 Qe2+ 40. Kg2
Qf1+ 41. Kf3 Be2+ 0-1

[Event "Madrid ch final 2006"]
[Site "Madrid ESP"]
[Date "2006.03.17"]
[Round "11.2"]
[White "Vallejo Diaz, Javier"]
[Black "Pastor Alonso, Alberto"]
[Result "1-0"]
[WhiteElo "2182"]
[BlackElo "2192"]
[PlyCount "75"]
[EventDate "2006.03.02"]
[EventType "tourn"]
[EventRounds "11"]
[EventCountry "ESP"]
[EventCategory "3"]
[Source "lmi"]
[SourceDate "2006.03.18"]

1. e4 e5 2. Nf3 Nc6 3. Bb5 Nf6 4. d3 d6 5. O-O Be7 6. c3 O-O 7. Re1 Bd7 8. Ba4
Kh8 9. d4 exd4 10. cxd4 Bg4 11. Bxc6 bxc6 12. Nbd2 Nd7 13. Qc2 c5 14. b3 a5 15.
dxc5 Nxc5 16. Nd4 Qc8 17. Bb2 Re8 18. h3 Bh5 19. Nf5 Bf8 20. Qc3 f6 21. g4 Bg6
22. Ng3 Qa6 23. Re3 Rab8 24. h4 Qb7 25. Rae1 Na4 26. Qc2 Nxb2 27. Qxb2 d5 28.
h5 d4 29. Qxd4 Rbd8 30. Qb2 Bb4 31. R1e2 Bf7 32. h6 Bg6 33. hxg7+ Kxg7 34. g5
Be7 35. Nf5+ Kf7 36. Nxe7 Rxe7 37. Qxf6+ Ke8 38. Qh8+ 1-0

[Event "Madrid ch final 2006"]
[Site "Madrid ESP"]
[Date "2006.03.17"]
[Round "11.3"]
[White "Moreno Ruiz, Javier"]
[Black "Perez Marco, Ricardo"]
[Result "1-0"]
[WhiteElo "2485"]
[BlackElo "2217"]
[PlyCount "101"]
[EventDate "2006.03.02"]
[EventType "tourn"]
[EventRounds "11"]
[EventCountry "ESP"]
[EventCategory "3"]
[Source "lmi"]
[SourceDate "2006.03.18"]

1. d4 Nf6 2. c4 c5 3. d5 b5 4. cxb5 a6 5. bxa6 Bxa6 6. Nc3 d6 7. g3 g6 8. Bg2
Bg7 9. Nf3 O-O 10. O-O Nbd7 11. Rb1 Qc7 12. b3 Rfb8 13. Qc2 Ra7 14. Rd1 Qb7 15.
h3 Ne8 16. e4 Ne5 17. Ne1 Qc8 18. f4 Nd7 19. Nf3 Nc7 20. a4 Rab7 21. Na2 Nf6
22. Kh2 Qd7 23. Be3 Na8 24. e5 Ne8 25. e6 fxe6 26. Ng5 e5 27. Ne6 Bh6 28. Be4
Nac7 29. Rd2 Nf6 30. Bxg6 Nxe6 31. dxe6 Qc6 32. fxe5 Bxe3 33. exf6 exf6 34. Be4
Qc7 35. Rg2 Qg7 36. Nc3 Bd4 37. Nd5 Be5 38. Bd3 c4 39. Bxc4 Bxc4 40. Qxc4 Kh8
41. b4 Rg8 42. Rb3 Qh6 43. e7 f5 44. Nf6 Qxf6 45. Qxg8+ Kxg8 46. e8=Q+ Kg7 47.
b5 Kh6 48. Qc6 Rg7 49. Qf3 Qh4 50. b6 Qd8 51. Qxf5 1-0